Finding best value solutions (Record no. 75659)

MARC details
000 -LEADER
fixed length control field 00863cab a2200181 4500
001 - CONTROL NUMBER
control field L130506
008 - FIXED-LENGTH DATA ELEMENTS--GENERAL INFORMATION
fixed length control field 050808n2005 000 0 eng u
035 ## - SYSTEM CONTROL NUMBER
System control number (Sirsi) u130506
041 ## - LANGUAGE CODE
Language code of text/sound track or separate title eng
100 ## - MAIN ENTRY--PERSONAL NAME
Personal name Heath, Philip
245 ## - TITLE STATEMENT
Title Finding best value solutions
260 ## - PUBLICATION, DISTRIBUTION, ETC.
Date of publication, distribution, etc. 2005
490 ## - SERIES STATEMENT
Series statement RICS Building Surveying Faculty: The Journal
Volume/sequential designation (15) July/August 8(1)
520 ## - SUMMARY, ETC.
Summary, etc. Considers the issue of specifying sustainable roof insulation particularly in the long term. Looks in particular at flat roofs which have a degree of foot traffic both during construction and afterwards during maintenance. Refers to a classification scheme developed by a study which looked at the effects of normal foot traffic on a number of flat roof insulation materials. Tables.
590 ## - LOCAL NOTE (RLIN)
Local note IKA160805
690 ## - LOCAL SUBJECT ADDED ENTRY--TOPICAL TERM (OCLC, RLIN)
Topical term or geographic name as entry element BUILT ENVIRONMENT-SUSTAINABLE CONSTRUCTION
942 ## - ADDED ENTRY ELEMENTS (KOHA)
Suppress in OPAC 0
Holdings
Withdrawn status Lost status Source of classification or shelving scheme Damaged status Not for loan Home library Current library Shelving location Date acquired Total Checkouts Full call number Barcode Date last seen Copy number Price effective from Koha item type
    Dewey Decimal Classification     London London Journal article 08/08/2005   L130506 130506-1001 06/08/2019 1 06/08/2019 Journal article